COMPETE: simulación dinámica de marketing

Saved in:
Bibliographic Details
Main Authors: Faria, A. J (Author), Nulsen, R. O (Author), Roussos, D. S (Author)
Format: Book
Language:Spanish
Published: Madrid Mosby-Doyma 1996
Subjects:
Tags: Add Tag
No Tags, Be the first to tag this record!

MARC

LEADER 00000nam a2200000 a 4500
001 UCN0152
003 CL-VaPUC
008 010316e19960000SP |||||||||||||||||spa|d
082 0 4 |a 658.8  |b FAR  |2 21 
100 0 |a Faria, A. J  |e author  |9 455473 
700 0 |a Nulsen, R. O  |e author  |9 455474 
700 0 |a Roussos, D. S  |e author  |9 455475 
245 1 0 |a COMPETE: simulación dinámica de marketing 
300 |a 210 p 
942 |c BK 
945 |d 20010316 00:00:00  |a cmena 
260 |a Madrid  |b Mosby-Doyma  |c 1996 
500 |a Incluye cuadernillo, manual para el estudiante y disco 3,5" 
650 0 |a Marketing  |9 259324 
650 0 |a Gestión de ventas  |9 407932 
650 7 |a DISTRIBUCION DE PRODUCTOS  |2 CL-VaPUC  |9 455476 
650 0 |a Toma de decisiones   |9 257530 
650 0 |a Planificación estratégica   |9 259735 
583 |a last modification  |c 20010316 00:00:00  |k Rodrigo Vera 
999 |c 294090  |d 294088 
952 |0 0  |1 0  |4 0  |6 658_800000000000000_FAR_1996  |7 0  |8 A  |9 345945  |a BIBING  |b BIBING  |d 2019-11-20  |i 3657647  |o 658.8 FAR 1996  |p 3657647  |r 2025-01-20  |w 2019-11-20  |y BK  |k CCL